000 00380nam a2200097Ia 4500
008 240331s9999 xx 000 0 und d
082 _bSEV
100 _aCenwor. ed
245 0 _aSeventh national convention on women's studies :
_bsupport service,research methlogy,litrature,,women in the economy,sports,social science,environment,violence,transport,education,health,women
942 _cL
999 _c5428
_d5428